The little book of self-soothing : (Record no. 9916)
[ view plain ]
| 000 -LEADER | |
|---|---|
| fixed length control field | 01815cam a2200301 i 4500 |
| 001 - CONTROL NUMBER | |
| control field | 9916 |
| 003 - CONTROL NUMBER IDENTIFIER | |
| control field | FISKH |
| 005 - DATE AND TIME OF LATEST TRANSACTION | |
| control field | 20260317083440.0 |
| 008 - FIXED-LENGTH DATA ELEMENTS--GENERAL INFORMATION | |
| fixed length control field | 220505s2023 nyu 001 0 eng |
| 010 ## - LIBRARY OF CONGRESS CONTROL NUMBER | |
| LC control number | 2022014640 |
| 020 ## - INTERNATIONAL STANDARD BOOK NUMBER | |
| International Standard Book Number | 9781507219614 |
| Qualifying information | (hardcover) |
| 020 ## - INTERNATIONAL STANDARD BOOK NUMBER | |
| Canceled/invalid ISBN | 9781507219621 |
| Qualifying information | (ebook) |
| 040 ## - CATALOGING SOURCE | |
| Original cataloging agency | DLC |
| Language of cataloging | eng |
| Description conventions | rda |
| Transcribing agency | DLC |
| Modifying agency | DLC |
| 050 00 - LIBRARY OF CONGRESS CALL NUMBER | |
| Classification number | BF561 |
| Item number | .R38 2023 |
| 082 00 - DEWEY DECIMAL CLASSIFICATION NUMBER | |
| Classification number | 152.4 |
| Edition number | 23/eng/20220506 |
| 100 1# - MAIN ENTRY--PERSONAL NAME | |
| Personal name | Raven, Robin, |
| Relator term | author. |
| 245 14 - TITLE STATEMENT | |
| Title | The little book of self-soothing : |
| Remainder of title | 150 ways to manage emotions, relieve stress, and restore calm / |
| Statement of responsibility, etc. | Robin Raven. |
| 264 #1 - PRODUCTION, PUBLICATION, DISTRIBUTION, MANUFACTURE, AND COPYRIGHT NOTICE | |
| Place of production, publication, distribution, manufacture | New York : |
| Name of producer, publisher, distributor, manufacturer | Adams Media, |
| Date of production, publication, distribution, manufacture, or copyright notice | 2023. |
| 300 ## - PHYSICAL DESCRIPTION | |
| Extent | 190 pages ; |
| Dimensions | 16 cm |
| 500 ## - GENERAL NOTE | |
| General note | Includes index. |
| 520 ## - SUMMARY, ETC. | |
| Summary, etc. | "Stressful experiences are an unfortunate and unavoidable part of everyday life. While you can't always predict, control, or eliminate triggering events, you can limit the impact these events have on your emotions and state of mind by practicing self-soothing. In The Little Book of Self-Soothing, you'll find 150 self-soothing activities that immediately help you manage your emotions and reduce feelings of distress or anxiety. The practical and proven techniques will help you find peace in the moment and stop negative feelings from taking control of your emotions. Some of the activities include: Wrap Yourself in Warmth; Reimagine Judgmental Thoughts; Breathe to Your Belly; and Hold Your Heart While Humming. With The Little Book of Self-Soothing you can regulate all your emotions, control your thoughts, defuse your triggers, and find your calm no matter where you are"-- |
| Assigning source | Provided by publisher. |
| 650 #0 - SUBJECT ADDED ENTRY--TOPICAL TERM | |
| Topical term or geographic name entry element | Emotions. |
| 650 #0 - SUBJECT ADDED ENTRY--TOPICAL TERM | |
| Topical term or geographic name entry element | Emotions |
| General subdivision | Problems, exercises, etc. |
| 650 #0 - SUBJECT ADDED ENTRY--TOPICAL TERM | |
| Topical term or geographic name entry element | Stress management. |
| 906 ## - LOCAL DATA ELEMENT F, LDF (RLIN) | |
| a | 7 |
| b | cbc |
| c | orignew |
| d | 1 |
| e | ecip |
| f | 20 |
| g | y-gencatlg |
| 942 ## - ADDED ENTRY ELEMENTS (KOHA) | |
| Source of classification or shelving scheme | Dewey Decimal Classification |
| Koha item type | Books |
| Suppress in OPAC | No |
| Withdrawn status | Lost status | Source of classification or shelving scheme | Damaged status | Not for loan | Collection | Home library | Current library | Shelving location | Date acquired | Total Checkouts | Full call number | Barcode | Date last seen | Copy number | Price effective from | Koha item type |
|---|---|---|---|---|---|---|---|---|---|---|---|---|---|---|---|---|
| Dewey Decimal Classification | Non-Fiction | Footprints International School Library Network Toul Kork Campus | Footprints International School Library Network Toul Kork Campus | A TK Campus, 4th Floor, Room B401, Non-Fiction Bookcases(7-8) | 03/17/2026 | RAV 152.4 BF511 .R384 | 2026-0320 | 03/17/2026 | 1 | 03/17/2026 | Books | |||||
| Dewey Decimal Classification | Non-Fiction | Footprints International School Library Network Toul Tom Poung Campus | Footprints International School Library Network Toul Tom Poung Campus | TTP Secondary Non-Fiction Bookshelves | 03/20/2026 | RAV 152.4 BF511 .R384 | 2026-0352 | 03/20/2026 | 2 | 03/20/2026 | Books |
